Statistics for States with most NCAA Basketball Titles

Click here to take the quiz!

General Stats

  • This quiz has been taken 30 times
  • The average score is 7 of 9

Answer Stats

HintAnswer% Correct
15 championships by 4 different schoolsCalifornia
100%
13 championships by 3 different schoolsNorth Carolina
95%
3 championships by 2 different schoolsOhio
91%
4 championships by 1 schoolKansas
86%
10 championships by 2 different schoolsKentucky
82%
5 championships by 1 schoolIndiana
73%
3 championships by 2 different schoolsMichigan
73%
4 championships by 1 schoolPennsylvania
73%
4 championships by 1 schoolConnecticut
45%

Score Distribution

Percentile by Number Answered

Percent of People with Each Score

Your Score History

You have not taken this quiz